| 000 | 01230cad a22001935a 4500 | ||
|---|---|---|---|
| 001 | L156801 | ||
| 008 | 120716s2012 xxkd f s f000 0 eng d | ||
| 035 | _a(Sirsi) u156801 | ||
| 041 | 0 | _aeng | |
| 110 | 1 |
_aUnited Kingdom _bOffice of National Statistics _92035 |
|
| 245 | 0 | 0 |
_aOutput in the construction industry _bApril 2012 _h[electronic resource] |
| 260 |
_a[S.l.] _bONS _c2012 |
||
| 520 | _aThe following compares the total output volume for the three months from February 2012 to April 2012 with that of the same three months one year earlier, in constant prices, not seasonally adjusted: Overall, the volume of construction output decreased by 6.7 per cent. Of the two main components, new work fell by 9.5 per cent and repair and maintenance fell by 1.4 per cent. The largest decreases were new public non-housing excluding infrastructure (22.4 per cent) and new public housing (22.1 per cent). Non-housing repair and maintenance showed the largest percentage growth, increasing by 1.1 per cent. | ||
| 590 | _aKA | ||
| 651 | 4 |
_aGreat Britain _y1707- |
|
| 690 |
_aConstruction management _96230 |
||
| 856 | 4 | 0 |
_uhttps://www.ons.gov.uk/ons/dcp171780_267363.pdf _zView the release free of charge at www.ons.gov.uk |
| 942 | _n0 | ||
| 999 |
_c114420 _d114420 |
||